| 000 | 00525nam a22001697a 4500 | ||
|---|---|---|---|
| 003 | PILC | ||
| 005 | 20150902080831.0 | ||
| 008 | 150902b xxu||||| |||| 00| 0 eng d | ||
| 050 |
_aHG 179 _b.Ea13 1989 |
||
| 100 | _aEast, David. | ||
| 245 |
_aControl your interest : _ba guide to effectively clearing your mortgage / _cDavid East. |
||
| 250 | _a2nd edition. | ||
| 260 |
_aMC : _bDavid's Publishing Pty Ltd, _c1989. |
||
| 300 |
_a44 pages : _billustrations ; _c22 cm. |
||
| 650 | _aFinancial security. | ||
| 942 |
_2lcc _cBK _kFOR |
||
| 999 |
_c288569 _d288569 |
||